| 000 | 00672nam a22001817a 4500 | ||
|---|---|---|---|
| 005 | 20251108164249.0 | ||
| 008 | 250721s1995 xx 000 0 ara d | ||
| 082 | 1 | 4 | _a621.3888/فار |
| 100 | 1 | _aالعامري، فاروق محمد | |
| 245 | 1 | 0 | _aالدوائر التفصيليه لأجهزة الإستقبال التلفزيوني من الأقمار الصناعية / |
| 264 | 1 |
_aالقاهرة : _bمركز ناصر للدراسات، _c1995. |
|
| 300 | _a397ص | ||
| 490 | 0 | _aموسوعة العامري للإلكترونيات ؛ 5 | |
| 650 | 1 | 7 | _aالهندسة الإلكترونية |
| 650 | 1 | 7 | _aالتلفزيون |
| 942 |
_2ddc _cBK |
||
| 999 |
_c7827 _d7827 |
||